Ultimate Taylor Swift Quiz - Statistics

General Stats
  • This quiz has been taken 369 times
  • The average score is 20 of 32
Answer Stats
Hint Answer % Correct
Debut album name Taylor Swift
92%
Fifth album 1989
91%
Fourth album Red
91%
Birth month December
88%
Eighth album folklore
87%
March 2023- August 2024 World Tour Eras
86%
Lucky number 13
83%
Boyfriend's football team Kansas City Chiefs
83%
Sixth album reputation
82%
Second album Fearless
81%
Ninth album evermore
80%
Seventh album Lover
80%
Third album Speak Now
80%
Words to denote she owns a song Taylor's Version
79%
Favorite holiday Christmas
78%
Tenth album Midnights
78%
Eleventh album The Tortured Poets Department
75%
Childhood state Pennsylvania
70%
Teenage / young adulthood state Tennessee
70%
First single Tim McGraw
61%
Producer who worked on all albums since 1989 Jack Antonoff
51%
Adopted a cat on the set of this music video Me!
46%
Dad's name Scott
44%
High school best friend Abigail
41%
Mom's name Andrea
40%
Original record label Big Machine Records
36%
Producer who worked on all albums since folklore Aaron Dessner
28%
First crush's name Drew
28%
Name of Rhode Island house Holiday House
25%
Instrument she plays in the You Belong With Me music video Clarinet
22%
Breed of two of her cats Scottish Fold
16%
Current record label Universal Music Group
7%
No matching quizzes found
Score Distribution
Percent of People with Each Score
Percentile by Number Answered
Your Score History
You have not taken this quiz